Don Quijote en Buenos Aires (Record no. 170629)
[ view plain ]
| 000 -LEADER | |
|---|---|
| campo de control de longitud fija | 01099nam a2200217 i 4500 |
| 001 - NÚMERO DE CONTROL | |
| campo de control | 170629 |
| 003 - IDENTIFICADOR DE NÚMERO DE CONTROL | |
| campo de control | ES-MaACL |
| 005 - FECHA Y HORA DE LA ÚLTIMA TRANSACCIÓN | |
| campo de control | 20250824072843.0 |
| 008 - DATOS DE LONGITUD FIJA--INFORMACIÓN GENERAL | |
| campo de control de longitud fija | 090325s1934 ag |||| | spa d |
| 080 ## - NÚMERO DE LA CLASIFICACIÓN DECIMAL UNIVERSAL | |
| Número de la Clasificación Decimal Universal | 821.134.2 (82)-2"18" |
| 100 1# - ENTRADA PRINCIPAL--NOMBRE DE PERSONA | |
| Nombre de persona | Sojo, Eduardo, |
| Fechas asociadas al nombre | 1849-1908 |
| 9 (RLIN) | 107028 |
| 245 10 - MENCIÓN DEL TÍTULO | |
| Título | Don Quijote en Buenos Aires |
| Resto del título | : revista bufo política de circunstancias, en un acto / |
| Mención de responsabilidad, etc. | por Eduardo Sojo ; [noticia de María Sara Pinto Alvárez]. |
| 260 ## - PUBLICACIÓN, DISTRIBUCIÓN, ETC. | |
| Lugar de publicación, distribución, etc. | Buenos Aires : |
| Nombre del editor, distribuidor, etc. | [s.n.], |
| Fecha de publicación, distribución, etc. | 1934 ( |
| Fabricante | Imp. de la Universidad) |
| 300 ## - DESCRIPCIÓN FÍSICA | |
| Extensión | 3 h., p. 170-228 ; |
| Dimensiones | 23 cm. |
| 490 1# - MENCIÓN DE SERIE | |
| Mención de serie | Sección de documentos. Primera serie. T. V: Teatro político / Facultad de Filosofía y Letras de la Universidad de Buenos Aires, Instituto de Literatura Argentina ; |
| Designación de volumen o secuencia | 3 |
| 700 1# - ENTRADA AGREGADA--NOMBRE PERSONAL | |
| Nombre de persona | Pinto Alvárez, María Sara. |
| 9 (RLIN) | 152234 |
| 710 2# - ENTRADA AGREGADA--NOMBRE DE ENTIDAD CORPORATIVA | |
| Nombre de entidad corporativa o nombre de jurisdicción como elemento de entrada | Universidad de Buenos Aires. |
| Unidad subordinada | Instituto de Literatura Argentina. |
| 9 (RLIN) | 139614 |
| 830 00 - PUNTO DE ACCESO ADICIONAL DE SERIE-TÍTULO UNIFORME | |
| Título uniforme | Sección de documentos. |
| Nombre de parte o sección de la obra | Primera serie. |
| -- | Teatro político (Instituto de Literatura Argentina) |
| Designación de volumen o secuencia | 3 |
| 9 (RLIN) | 188960 |
| 852 ## - LOCALIZACIÓN | |
| Ubicación | ES-MaACL |
| Número de control de estantería | C-6631(3) |
| Nota libre | - Enc. en un vol. facticio |
| Estatus retirado | Estado de pérdida | Estado de daño | No para préstamo | Biblioteca de origen | Biblioteca actual | Ubicación en estantería | Fecha de adquisición | Fuente de adquisición | Total de préstamos | Signatura topográfica completa | Código de barras | Visto por última vez | Precio de reemplazo | Tipo de ítem Koha |
|---|---|---|---|---|---|---|---|---|---|---|---|---|---|---|
| Biblioteca del Ateneo de Madrid | Biblioteca del Ateneo de Madrid | Sala Palomar | 25/03/2009 | C-6631(3) | 1179065 | 23/02/2023 | 23/02/2023 | Libro impreso |
